Statistics for Disney Channel Shows: Austin and Ally

Click here to take the quiz!

General Stats

  • This quiz has been taken 1,288 times
  • The average score is 7 of 12

Answer Stats

HintAnswer% Correct
Girl has stage frightAlly Dawson
100%
Boy's name that took the girl's (works at Sonic Boom) song and became famousAustin Moon
97%
Girl's best friendTrish
93%
Boy's best friendDez
91%
Actor that plays the role of the boyRoss Lynch
74%
Boy's middle nameMonica
59%
Actress that plays the role of the girlLaura Marano
53%
Actor that plays the role of the boy's best friendCalum Worthy
39%
Actress that plays the role of the girl's best friendRaini Rodriguez
36%
Theme songWithout You
34%
Boy's parents work at_______ _________ ________Moons Matress Kingdom
30%
Who signed the boyJimmy Starr
26%

Score Distribution

Percentile by Number Answered

Percent of People with Each Score

Your Score History

You have not taken this quiz